Wszystkie miasta w podkarpackim poniżej 10k mieszkańców - Statystyki

Ogólne statystyki
  • Ten quiz został rozwiązany 36 razy
    14 od ostatniego zresetowania
  • Średni wynik to 24 z 33
Statystyki odpowiedzi
Powiat Miasto % Poprawnych
leski Lesko
100%
bieszczadzki Ustrzyki Dolne
100%
brzozowski Brzozów
92%
tarnobrzeski Baranów Sandomierski
83%
rzeszowski Boguchwała
83%
krośnieński Iwonicz-Zdrój
83%
kolbuszowski Kolbuszowa
83%
krośnieński Rymanów-Zdrój
83%
strzyżowski Strzyżów
83%
rzeszowski Tyczyn
83%
niżański Ulanów
83%
sanocki Zagórz
83%
przemyski Dubiecko
75%
rzeszowski Dynów
75%
lubaczowski Narol
75%
mielecki Przecław
75%
niżański Rudnik nad Sanem
75%
przeworski Sieniawa
75%
przemyski Bircza
67%
rzeszowski Błażowa
67%
krośnieński Dukla
67%
rzeszowski Głogów Małopolski
67%
krośnieński Jedlicze
67%
przeworski Kańczuga
67%
dębicki Pilzno
67%
rzeszowski Sokołów Małopolski
67%
lubaczowski Cieszanów
58%
jasielski Kołaczyce
58%
lubaczowski Oleszyce
58%
dębicki Brzostek
50%
przeworski Jawornik Polski
50%
mielecki Radomyśl Wielki
50%
stalowowolski Zaklikow
33%
Nie znaleziono quizów pasujących do podanych kryteriów
Rozkład punktacji
Procent ludzi z każdym wynikiem
Percentyl według liczby udzielonych odpowiedzi
Twoja historia wyników
Nie rozwiązałeś tego quizu od ostatniego zresetowania